000 00742nam a2200265 i 4500
001 C2-0329704
003 PPAK
005 20180728130714.0
008 150121s1996 my a|||| ||||| | eng d
020 _a9838431583
040 _aPPAK
_beng
_cPPAK
_erda
082 0 4 _a398.2
_223
090 0 0 _a398.2
_bLAN
_dK
245 0 4 _aThe land owner's treasure
264 1 _aKuala Lumpur :
_bSyarikat Makmur Enterprais ,
_c1996
300 _a43 pages :
_bcolour illustrations ;
_c21 cm
336 _2rdacontent
_atext
337 _2rdamedia
_aunmediated
338 _2rdacarrier
_avolume
490 1 _aFolk Tales and Fairytales
650 1 0 _aTales.
700 1 _aFrancis, K.,
_eeditor
830 0 _aFolk Tales and Fairytales
942 _ddc
_cB
999 _c128888
_d128888